| 000 | 00435nam a2200157Ia 4500 | ||
|---|---|---|---|
| 008 | 230312s9999||||xx |||||||||||||| ||und|| | ||
| 020 | _a81-7656-063-4 | ||
| 082 |
_a005.13 _bKAN |
||
| 100 | _aKanetkar,Yashavant P. | ||
| 245 | 0 | _aVisual C + + Projects | |
| 260 |
_bBPB Publication _aNew Delhi _c1999 |
||
| 300 | _a346 | ||
| 546 | _aEng. | ||
| 650 |
_aComputer _vIntroduction , Screen Saver , Splash Screen , Bow and Arrow |
||
| 942 | _cBK | ||
| 999 |
_c3142 _d3142 |
||